Responses for show #6435 - Friday, August 3, 2012

2012 Kids Week game 5.
Last game of Season 28.

Contestants

Hallie Fox, a 12-year-old from Ypsilanti, Michigan

Neha Embar, a 12-year-old from Alpharetta, Georgia

Greg Boscaiu, a 12-year-old from Brea, California

Jeopardy! Round responses

BIRTHDAY PARTY LOCATIONS
SPORTS STARS
AROUND THE WORLD
COMMUNICATION
LET'S PLAY IN THE YARD
KID RHYMES
    $200 9
the zoo

Neha
    $200 6
(Greg: Who is Alex Rodriguez?)

Derek Jeter

Greg
Triple Stumper
    $200 1
the Sahara

Neha
    $200 26
wink

Greg
    $200 13
a pogo stick

Hallie
    $200 18
(Neha: Um... sorry, I don't know.)

bid

NehaHallie
    $400 10
Chuck E. Cheese's

Greg
    $400 7
(Greg: Who is Dianica Patrick?)

Danica Patrick

Greg
Triple Stumper
    $400 2
Spain

Greg
    $400 27
a period

Hallie
    $400 14
horseshoes

Greg
    $400 19
a squid

Hallie
    $600 11
(Hallie: What is an oddity?)
(Neha: What is an oddition?)

an odditorium

GregNehaHallie
    $600 8
Jeremy Lin

Neha
    $400 3
Tokyo

Greg
    $600 28
whistle

Neha
    $600 23
double-Dutch

Hallie
    $600 20
a lid

Neha
    $800 12
bowling

Hallie
    $800 15
Venus & Serena Williams

Greg
    $800 4
India

Greg
    $800 29
(Hallie: Who is Morse?)

Braille

NehaHallie
    $800 24
tetherball

Neha
    $800 21
skid

Greg
    $1000 17
inflatable

Triple Stumper
    $1000 16
Shaun White

Neha
    $1000 5
Ireland

Greg
    $1000 30
Skype

Greg
    $1000 25
(Greg: What are arches?)

wickets

Greg
Triple Stumper
    $1000 22
a grid

Neha

Scores at the first commercial break (after clue 14):

Greg Neha Hallie
$3,400 $400 $400

Scores at the end of the Jeopardy! Round:

Greg Neha Hallie
$5,200 $5,000 $1,200

Double Jeopardy! Round responses

CREATURES
KID HEROES
THE 21st CENTURY
THAT'S A MYTH
BOYS IN BALLET
WORD"Z"
(Alex: Notice the "Z" in quotation marks. In fact, each correct response will end with the letter "Z".)
    $400 11
bark

Hallie
    $400 16
a shark

Greg
    $400 6
a space shuttle

Greg
    $400 1
the Cyclopses

Hallie
    $400 26
a leotard

Neha
    $400 21
fuzz

Neha
    $800 12
a toucan

Greg
    $800 17
(Hallie: What is an Avatar?)

an Airbender

NehaHallie
    $800 7
Sarah Palin

Neha
    $800 2
the Labyrinth

Hallie
    $800 27
(Greg: What is--uh--)

a king

GregHallie
    $800 22
Bratz

Hallie
    $1200 13
a barracuda

Hallie
    $1200 18
Jack-Jack

Hallie
    $1200 8
a comet

Neha
    $1200 3
Medusa

Hallie
    $1200 28
turn (twirl accepted)

Greg
    $1200 23
a waltz

Neha
    $3,000 14
the triceratops

Hallie
    $1600 19
I Am Number Four

Hallie
    $1600 9
(Alex: Yes, Vice President.)

Joe Biden

Greg
    $1600 4
Cupid

Neha
    $1,000 29
(Greg: No.)
(Alex: I betcha it's a ballet you've seen at your school. What is [*]?)

The Nutcracker

Greg
    $1600 24
Ritz

Hallie
    $2000 15
(Greg: What is the California Condor?)
...
(Alex: The predator in this case is [*].)

a wolf

Greg
Triple Stumper
    $2000 20
(Alex: You are right--you know your kid heroes.)

Sharkboy & Lavagirl

Hallie
    $2000 10
Iran

Greg
    $2000 5
Artemis

Hallie
    $2000 30
a bow

Hallie
    $2000 25
(Greg: What is whootz?)

whiz

Greg
Triple Stumper

Scores at the end of the Double Jeopardy! Round:

Greg Neha Hallie
$5,800 $11,400 $19,400

[wagering suggestions for these scores]

Final Jeopardy! Round responses

WORLD GEOGRAPHY
GregWhat is Canada
$5,800
NehaWhat is Canada?
$10,001
HallieWhat is Chile?
$5,000
Canada

Final scores:

Greg Neha Hallie
$11,600 $21,401 $14,400
3rd place: $1,000 Winner: $21,401 2nd place: $2,000

Game dynamics:

Coryat scores:

Greg Neha Hallie
$7,000 $11,400 $18,000
17 R
(including 1 DD),
7 W
(including 1 DD)
16 R,
2 W
20 R
(including 1 DD),
3 W

Combined Coryat: $36,400

The J! Archive is created by fans, for fans. The Jeopardy! game show and all elements thereof, including but not limited to copyright and trademark thereto, are the property of Jeopardy Productions, Inc. and are protected under law. This website is not affiliated with, sponsored by, or operated by Jeopardy Productions, Inc. Join the discussion at JBoard.tv.